Normal view
MARC view
- Meneses, Guillermo,
Entry Nombre Personal
001 - NUMERO DE CONTROL
- campo de control: 37791
003 - IDENTIFICADOR DE NUMERO DE CONTROL
- campo de control: UPN
005 - FECHA Y HORA DE LA ÜLTIMA TRANSACCIÓN
- campo de control: 20210219194528.0
008 - DATOS DE LONGITUD FIJA
- campo de control de longitud fija: nabaccnnaabn|||||||||| b |nc|||||d
035 ## - NUMERO DE CONTROL
- Número de control: UPN11000009898
040 ## - FUENTE DE CATALOGACIÓN
- Lenguaje de catalogación: SPA
- Agencia de transcripción: UPN
053 #4 - NÚMERO DE CLASIFICACIÓN LC
- Número de clasificación elemento-número único o número inicial de tramo: PQ8549 M4.2
100 1# - ENCABEZAMIENTO - NOMBRE PERSONAL
- Nombre personal: Meneses, Guillermo,
- Fechas asociadas con el nombre: 1911-1978
670 ## - FUENTE EN LA QUE SE LOCALIZARON DATOS
- Cita de la fuente: T
- Información localizada: Wikipedia
680 ## - NOTA PUBLICA DE ACCESO PÚBLICO
- Encabezamiento o subdivisión: Fue un escritor, político y diplomático venezolano
902 ## - CATALOGADOR
- Catalogador: MCM/021015
